=LDR 00000nam 2200000 4500 =001 INLIS00000000000095 =005 20260702043538 =020 ##$$a 978-623-7778-85-1 =082 ##$$a 006.584 =100 1#$$a Adam, Brian =245 1 $$a Seni Bersikap Tegas /$c Brian Adam =300 ##$$a 136 ; 13.5 X 20